• 首页
  • 本馆介绍
  • 公告通知
  • 最新文献
  • 馆藏检索
  • 电子资源
  • 读者导购
  • 参考咨询
  • 我的图书馆
  • 登录
  • 详细信息显示
  • 放入我的书架
  • 预约/预借图书
  • 作者相关作品
  • 分类相关作品
  • 丛书相关作品
  • 出版社相关作品

书目信息

  • 表格格式
  • 工作单格式
  • 卡片格式
题名:
实用英语毕业论文写作
    
 
作者: 任桂婷 , 高扩昌 主编
分册:  
出版信息: 成都   西南交通大学出版社  2019.04
页数: 153页
开本: 26cm
丛书名:
单 册:
中图分类: G642.477 , H319.36
科图分类:
主题词: 英语--毕业论文--写作--高等学校--教材
电子资源:
ISBN: 978-7-5643-6856-2
000 01172nam0 2200277 450
001 0103152703
005 20201103152733.0
010    @a978-7-5643-6856-2@dCNY30.00
100    @a20190730d2019 em y0chiy50 ea
101 0  @aeng@gchi
102    @aCN@b510000
105    @aa z 000yy
106    @ar
200 1  @a实用英语毕业论文写作@Ashi yong ying yu bi ye lun wen xie zuo@dPractical English graduation paper writing@f任桂婷, 高扩昌主编@zeng
210    @a成都@c西南交通大学出版社@d2019.04
215    @a153页@c图@d26cm
300    @a普通高等院校“十三五”规划教材
330    @a本书共八章。第一章介绍论文的定义、特征、构成与写作步骤;第二章介绍选题技巧;第三章介绍中英文资料的收集、筛选与使用方法;第四章介绍如何提出论题与拟定提纲;第五章讲解如何拟定初稿;第六章讲解英语学术论文的修改与完善;第七章讲解格式规范;第八章讲解论文答辩准备与技巧。
510 1  @aPractical English graduation paper writing@zeng
606 0  @a英语@x毕业论文@x写作@x高等学校@j教材
690    @aG642.477@v5
690    @aH319.36@v5
701  0 @a任桂婷@Aren gui ting@4主编
701  0 @a高扩昌@Agao kuo chang@4主编
801  0 @aCN@bBJSZM@c20201103
905    @b1258046-50@dG642.477@e1769@f5
    
    实用英语毕业论文写作=Practical English graduation paper writing/任桂婷, 高扩昌主编.-成都:西南交通大学出版社,2019.04
    153页:图;26cm
    普通高等院校“十三五”规划教材
    
    ISBN 978-7-5643-6856-2:CNY30.00
    本书共八章。第一章介绍论文的定义、特征、构成与写作步骤;第二章介绍选题技巧;第三章介绍中英文资料的收集、筛选与使用方法;第四章介绍如何提出论题与拟定提纲;第五章讲解如何拟定初稿;第六章讲解英语学术论文的修改与完善;第七章讲解格式规范;第八章讲解论文答辩准备与技巧。
●
相关链接 在E读中查询图书 在五车中查询图书 在当当中查询图书 在豆瓣中查询图书


正题名:实用英语毕业论文写作     索取号:G642.477/1769         预约/预借

序号 登录号 条形码 馆藏地/架位号 状态 备注
1 1258046   212580465   第一样本阅览室/ [索取号:G642.477/1769] 在馆    
2 1258047   212580474   教育系资料室/ [索取号:G642.477/1769] 在馆    
3 1258048   212580483   教育系资料室/ [索取号:G642.477/1769] 在馆    
4 1258049   212580492   第四借阅区/ [索取号:G642.477/1769] 在馆    
5 1258050   212580508   第四借阅区/ [索取号:G642.477/1769] 在馆    
唐山师范学院图书馆 欢迎您!
大连网信软件有限公司© 版权所有